Your research project: a step-by-step guide for the first-time researcher. (2nd ed.) (Record no. 83348)
[ view plain ]
| 000 -LEADER | |
|---|---|
| fixed length control field | 01132nam a2200229 a 4500 |
| 008 - FIXED-LENGTH DATA ELEMENTS--GENERAL INFORMATION | |
| fixed length control field | 101022s2005 ||||||||||||||||| || u |
| 020 ## - INTERNATIONAL STANDARD BOOK NUMBER | |
| International Standard Book Number | 9781412901321 |
| 050 ## - LIBRARY OF CONGRESS CALL NUMBER | |
| Classification number | LB 2369 Wal |
| 100 ## - MAIN ENTRY--PERSONAL NAME | |
| Personal name | Walliman, Nicholas |
| 245 10 - TITLE STATEMENT | |
| Title | Your research project: a step-by-step guide for the first-time researcher. (2nd ed.) |
| Statement of responsibility, etc. | Nicholas Walliman |
| 250 ## - EDITION STATEMENT | |
| Edition statement | 2nd ed. |
| 260 ## - PUBLICATION, DISTRIBUTION, ETC. | |
| Place of publication, distribution, etc. | Loadon |
| Name of publisher, distributor, etc. | SAGE Publications |
| Date of publication, distribution, etc. | 2005 |
| 300 ## - PHYSICAL DESCRIPTION | |
| Extent | xiii, 450p.: ill. |
| 350 ## - | |
| -- | 0.00 |
| 500 ## - GENERAL NOTE | |
| General note | Bibliography |
| 650 ## - SUBJECT ADDED ENTRY--TOPICAL TERM | |
| Topical term or geographic name entry element | REPORT WRITING--HANDBOOKS, MANUALS, ETC |
| 650 ## - SUBJECT ADDED ENTRY--TOPICAL TERM | |
| Topical term or geographic name entry element | RESEARCH--HANDBOOKS, MANUALS, ETC |
| 650 ## - SUBJECT ADDED ENTRY--TOPICAL TERM | |
| Topical term or geographic name entry element | RESEARCH COLLABORATION |
| 995 ## - | |
| -- | MAIN LIBRARY OPEN ACCESS |
| -- | 742825 |
| -- | CBU-MAIN LIBRARY (Kitwe) |
| -- | 0.00 |
| -- | LB 2369 Wal |
| -- | 2 |
| -- | AVAILABLE |
| -- | Jun 21, 2012 |
| -- | 742825 |
| -- | Main Library Open Access Collection |
| 995 ## - | |
| -- | MAIN LIBRARY OPEN ACCESS |
| -- | 0.00 |
| -- | 741869 |
| -- | CBU-MAIN LIBRARY (Kitwe) |
| -- | 1 |
| -- | 0.00 |
| -- | LB 2369 Wal |
| -- | 1 |
| -- | AVAILABLE |
| -- | Dec 29, 2010 |
| -- | 741869 |
| -- | Main Library Open Access Collection |
| 995 ## - | |
| -- | MAIN LIBRARY OPEN ACCESS |
| -- | 742826 |
| -- | CBU-MAIN LIBRARY (Kitwe) |
| -- | 0.00 |
| -- | LB 2369 Wal |
| -- | 3 |
| -- | AVAILABLE |
| -- | Jun 21, 2012 |
| -- | 742826 |
| -- | Main Library Open Access Collection |
| 999 ## - | |
| -- | 83348 |
| -- | 83348 |
| Withdrawn status | Lost status | Source of classification or shelving scheme | Damaged status | Not for loan | Permanent Location | Current Location | Shelving location | Date acquired | Total Checkouts | Full call number | Barcode | Date last seen | Copy number | Price effective from | Koha item type |
|---|---|---|---|---|---|---|---|---|---|---|---|---|---|---|---|
| CBU-MAIN LIBRARY, KITWE. | CBU-MAIN LIBRARY, KITWE. | 10/30/2023 | LB 2369 Wal | 742825 | 10/30/2023 | 1 | 10/30/2023 | MONOGRAPH | |||||||
| CBU-MAIN LIBRARY, KITWE. | CBU-MAIN LIBRARY, KITWE. | 10/30/2023 | LB 2369 Wal | 741869 | 10/30/2023 | 2 | 10/30/2023 | MONOGRAPH | |||||||
| CBU-MAIN LIBRARY, KITWE. | CBU-MAIN LIBRARY, KITWE. | 10/30/2023 | LB 2369 Wal | 742826 | 10/30/2023 | 3 | 10/30/2023 | MONOGRAPH |